00579cam a22001813a 450000100060000000300060000600500170001200800410002904000150007004200070008510000390009224501160013126000290024750600300027651600200030683000290032685600420035544583PGUSA20140828084022.0140104s2014||||xxu|||||s|||||000 | eng d aPGUSAbeng adc1 aTaylor, Philip Meadows,d1808-187612aA Noble Queen (Volume II of III) :bA Romance of Indian Historyh[electronic resource] /cPhilip Meadows Taylor bProject Gutenberg,c2014 aPublic domain in the USA. aElectronic text 0aProject Gutenbergv4458340uhttp://www.gutenberg.org/ebooks/44583